Nová koncepcia dane z príjmov v SR a jej aspekty vo finančnom rozhodovaní podnikateľských subjektov

Salvato in:
Dettagli Bibliografici
Autore principale: Podolinský, Vladimír
Natura: Capitolo di libro
Lingua:slovacco
Tags: Aggiungi Tag
Nessun Tag, puoi essere il primo ad aggiungerne!!

MARC

LEADER 00000naa$a2200000$$$4500
001 0061560
005 20240502083147.7
041 0 |a slo 
044 |a CZ 
245 1 0 |a Nová koncepcia dane z príjmov v SR a jej aspekty vo finančnom rozhodovaní podnikateľských subjektov  |c Vladimír Podolinský 
100 1 |a Podolinský, Vladimír